Online Catalogue and eLibrary

Ventriloquized voices : (Record no. 3166)

MARC details
000 -LEADER
fixed length control field 00485nam a2200193Ia 4500
005 - DATE AND TIME OF LATEST TRANSACTION
control field 20241008013603.0
008 - FIXED-LENGTH DATA ELEMENTS--GENERAL INFORMATION
fixed length control field 240331s9999 xx 000 0 und d
020 ## - INTERNATIONAL STANDARD BOOK NUMBER
ISBN 0415127939
082 ## - DDC Classification
Item Number - Author Mark HAR
Class No. 820
100 ## - MAIN ENTRY--PERSONAL NAME
Personal name Harvey, E.D
245 #0 - TITLE STATEMENT
Title Ventriloquized voices :
Remainder of title feminist Theory and English renaissance texts
260 ## - PUBLICATION, DISTRIBUTION, ETC.
Place of publication, distribution, etc. London
Name of publisher, distributor, etc. Routledge
Date of publication, distribution, etc. 1995
300 ## - PHYSICAL DESCRIPTION
Extent (e.g. Volumes, Pages etc.) x, 173 p .,
650 ## - SUBJECT ADDED ENTRY--TOPICAL TERM
Topical term or geographic name entry element Sexuality
650 ## - SUBJECT ADDED ENTRY--TOPICAL TERM
Topical term or geographic name entry element Gender
650 ## - SUBJECT ADDED ENTRY--TOPICAL TERM
Topical term or geographic name entry element History
650 ## - SUBJECT ADDED ENTRY--TOPICAL TERM
Topical term or geographic name entry element Culture
942 ## - Koha item type (Biblio)
Koha item type Books in Stacks (Lending)
Holdings
Lost status Damaged status Collection code Home library Current library Shelving location Date acquired Full call number Accession Number Item type
    Lending WERC Library WERC Library Social Science Cupboard 03/31/2024 820 HAR 5175 Books in Stacks (Lending)

© WERC Library